| 000 | 00407nam a22001337a 4500 | ||
|---|---|---|---|
| 020 | _a 9780471128069 | ||
| 040 | _cNust | ||
| 082 |
_a572.8933 _bAU'T |
||
| 100 |
_aTony J. Beugelsdijk _9127621 |
||
| 245 | _aAutomation Technologies for Genome Characterization | ||
| 260 |
_aNew York: _bWiley- Interscience, _c1997. |
||
| 650 |
_aAutomation Technologies for Genome Characterization _9125262 |
||
| 942 |
_2ddc _cBK |
||
| 999 |
_c612694 _d612694 |
||